| 000 | | | 04218nac2a22003011x 450 |
| 001 | | | a65661b3-c273-44f9-bbf0-07ee54a12f27 |
| 005 | | | 20131120205706.0 |
| 100 | ## | $a | 20130605l19121916k y0rusy50 ca |
| 101 | 0# | $a | rus |
| 102 | ## | $a | RU |
| 105 | ## | $a | y z ||||| |
| 122 | 2# | $a | d19120103 |
| | $a | d19161107 |
| 200 | 1# | $a | Журнал входящих бумаг канцелярии Постоянного совета |
| | $j | 3 января 1912 - 7 ноября 1916 |
| 215 | ## | $a | 94 листа |
| 251 | ## | $c | Дело |
| 300 | ## | $a | Заголовок дела на обложке: Журнал входящих бумаг канцелярии Постоянного совета объединенных дворянских обществ |
| 300 | ## | $a | В картонном переплете с заголовком на обложке |
| 300 | ## | $a | Рукописный текст |
| 325 | ## | $a | Замикрофильмировано |
| 330 | ## | $a | XIV. Входящие и исходящие журналы /1906-1912/ |
| 461 | #0 | $1 | 001b6db1e6b-efcc-4108-961b-a8f75be6354f |
| | $1 | 2001 |
| | $a | Постоянный совет объединенных дворянских обществ |
| | $1 | 251 |
| | $c | Фонд |
| | $1 | 852 |
| | $j | 434 |
| 462 | #0 | $1 | 001376737bd-14a2-4097-a3d5-a02b2aa0e2d3 |
| | $1 | 2001 |
| | $a | Постоянный совет объединенных дворянских обществ. 1906-1917 гг. |
| | $1 | 251 |
| | $c | Опись |
| | $1 | 852 |
| | $j | 1 |
| 517 | ## | $a | Журнал входящих бумаг канцелярии Постоянного совета объединенных дворянских обществ |
| 601 | 02 | $3 | RU\NLR\AUTH\8810165427 |
| | $a | Постоянный совет объединенных дворянских обществ |
| | $c | Петербург |
| 601 | 02 | $3 | RU\NLR\AUTH\8810165525 |
| | $a | Постоянный совет объединенных дворянских обществ |
| | $c | Петербург |
| | $b | Канцелярия |
| 801 | #0 | $a | RU |
| | $b | GA_RF |
| 801 | #1 | $a | RU |
| | $b | НПО Опыт |
| | $c | 20130605 |
| | $2 | rusmarc |
| 801 | #2 | $a | RU |
| | $b | ПБ им. Б.Н. Ельцина |
| | $c | 20131120 |
| | $g | RCR |
| | $2 | rusmarc |
| 852 | ## | $a | ГА РФ |
| | $j | 388 |
| 937 | ## | $d | 41868474 |
| | $h | ПБ |
| 035 | ## | $a | RuPRLIB51006685 |